Знаменитые люди по имени Майкл - Statistics

General Stats
  • This quiz has been taken 51 times
  • The average score is 5 of 18
Answer Stats
Подсказка Ответ % Correct
Один из самых успешных исполнителей в истории поп-музыки, известен как «Король поп-музыки» Майкл {Джексон}
100%
Баскетболист, двукратный олимпийский чемпион Майкл {Джордан}
78%
Пловец, 23-кратный олимпийский чемпион Майкл {Фелпс}
56%
Актёр, снявшийся в фильмах «Доктор Голливуд» и «Назад в будущее» Майкл Джей {Фокс}
49%
Футболист; выступал за «Ливерпуль» и «Реал Мадрид» Майкл {Оуэн}
44%
Актёр, снявшийся в фильмах «За канделябрами» и «Уолл-стрит» Майкл {Дуглас}
37%
Актёр, снявшийся в фильмах «Бёрдмэн» и «Бэтмен» Майкл {Китон}
34%
Актёр, снявшийся в фильмах «Прометей» и «Стив Джобс» Майкл {Фассбендер}
20%
Футболист; выступал за «Олимпик Лион» и «Челси» Майкл {Эссьен}
17%
Актёр, снявшийся в фильмах «Бешеные псы» и «Донни Браско» Майкл {Мэдсен}
17%
Модельер Майкл {Корс}
12%
Актёр, снявшийся в фильмах «Джуно» и «Скотт Пилигрим против всех» Майкл {Сера}
12%
Актёр, снявшийся в фильмах «Воспитание Риты» и «Правила виноделов» Майкл {Кейн}
12%
Актёр, снявшийся в фильмах «Проклятый Юнайтед» и «Фрост против Никсона» Майкл {Шин}
10%
Кинорежиссер, снявший фильмы «Боулинг для Колумбины» и «Фаренгейт 9/11» Майкл {Мур}
7%
Актёр, снявшийся в фильмах «Госфорд-парк» и «Король говорит!» Майкл {Гэмбон}
7%
Бизнесмен и 108-й мэр Нью-Йорка Майкл {Блумберг}
5%
Певец, исполнитель песен «Feeling Good» и «Home» Майкл {Бубле}
5%
No matching quizzes found
Score Distribution
Percent of People with Each Score
Percentile by Number Answered
Your Score History
You have not taken this quiz